000 00380nam a22001457a 4500
999 _c15640
_d15640
003 OSt
008 190522b ||||| |||| 00| 0 eng d
020 _a9789350304785
082 _a660.6
_bMAC/BA
100 _aMackay, Stewart
_94125
245 _aBasics of Agricultural Biotechnology
260 _aJaidpur & New Delhi
_bOxford Book company
_c2019
300 _a280 p.
942 _cBK